Statistiques concernant Territoires non autonomes selon l'ONU

Cliquez ici pour prendre le quiz!

Statistiques générales

  • Ce quiz a été pris 273 fois
    (137 depuis la dernière actualisation)
  • Le résultat moyen est 7 sur 17

Statistiques - réponses

Puissance administranteRéponse% Correct
MarocSahara occidental
74%
FranceNouvelle-Calédonie
70%
FrancePolynésie française
57%
Etats-UnisGuam
56%
Royaume-UniGibraltar
54%
Royaume-UniÎles Malouines
52%
Royaume-UniÎles Vierges britanniques
49%
Etats-UnisÎles Vierges américaines
44%
Royaume-UniÎles Caïmans
43%
Royaume-UniAnguilla
38%
Royaume-UniBermudes
35%
Royaume-UniMontserrat
34%
Royaume-UniSainte-Hélène
34%
Etats-UnisSamoa américaines
29%
Royaume-UniÎles Turques et Caïques
28%
Royaume-UniPitcairn
26%
Nouvelle-ZélandeTokelau
25%

Distribution des résultats

Percentile par nombre de réponses

% des personnes avec chaque résultat

Votre développement - résultats

Vous n’avez pas pris ce quiz depuis la dernière actualisation